<?xml version="1.0" encoding="UTF-8"?>
<collection xmlns:xsi="http://www.w3.org/2001/XMLSchema-instance" xsi:schemaLocation="http://www.loc.gov/MARC21/slim http://www.loc.gov/standards/marcxml/schema/MARC21slim.xsd" xmlns="http://www.loc.gov/MARC21/slim">
 <record>
  <leader>00000cam a22000004a 4500</leader>
  <controlfield tag="001">UP-8027390931314115655</controlfield>
  <controlfield tag="003">Buklod</controlfield>
  <controlfield tag="005">20240606135638.0</controlfield>
  <controlfield tag="006">m    |o  d |      </controlfield>
  <controlfield tag="007">ta</controlfield>
  <controlfield tag="008">240606s2022    xx     d     r    |||| u|</controlfield>
  <datafield tag="020" ind1=" " ind2=" ">
   <subfield code="a">9781284207804</subfield>
  </datafield>
  <datafield tag="035" ind1=" " ind2=" ">
   <subfield code="a">(iLib)UPVIS-00167883303</subfield>
  </datafield>
  <datafield tag="037" ind1=" " ind2=" ">
   <subfield code="a">Purchased</subfield>
  </datafield>
  <datafield tag="040" ind1=" " ind2=" ">
   <subfield code="a">rmc 06.06.24</subfield>
  </datafield>
  <datafield tag="090" ind1=" " ind2=" ">
   <subfield code="a">KF 1263</subfield>
   <subfield code="b">C65 G73 2022</subfield>
  </datafield>
  <datafield tag="100" ind1="1" ind2=" ">
   <subfield code="a">Grama, Joanna Lyn</subfield>
  </datafield>
  <datafield tag="245" ind1="1" ind2="0">
   <subfield code="a">Legal and privacy issues in information security</subfield>
   <subfield code="c">Joanna Lyn Grama.</subfield>
  </datafield>
  <datafield tag="250" ind1=" " ind2=" ">
   <subfield code="a">Third edition.</subfield>
  </datafield>
  <datafield tag="264" ind1=" " ind2="1">
   <subfield code="a">Burlington, MA</subfield>
   <subfield code="b">Jones &amp; Bartlett Learning</subfield>
   <subfield code="c">c2022.</subfield>
  </datafield>
  <datafield tag="300" ind1=" " ind2=" ">
   <subfield code="a">xxiii, 525 pages</subfield>
   <subfield code="b">ill.</subfield>
   <subfield code="c">24 cm.</subfield>
  </datafield>
  <datafield tag="500" ind1=" " ind2=" ">
   <subfield code="a">Php 10,944.00</subfield>
  </datafield>
  <datafield tag="536" ind1=" " ind2=" ">
   <subfield code="a">Purchased: Mind Mover Publishing, Inc. 12.11.2023</subfield>
  </datafield>
  <datafield tag="650" ind1=" " ind2="0">
   <subfield code="a">Information storage and retrieval systems--law and legislation--United States.</subfield>
  </datafield>
  <datafield tag="650" ind1=" " ind2="0">
   <subfield code="a">Data protection--law and legislation--United States.</subfield>
  </datafield>
  <datafield tag="650" ind1=" " ind2="0">
   <subfield code="a">Information storage and retrieval systems--security measures--law and legislation--United States.</subfield>
  </datafield>
  <datafield tag="852" ind1="0" ind2=" ">
   <subfield code="a">UPVIS</subfield>
   <subfield code="b">UPV-ML</subfield>
   <subfield code="h">KF 1263</subfield>
   <subfield code="i">C65 G73 2022</subfield>
  </datafield>
  <datafield tag="942" ind1=" " ind2=" ">
   <subfield code="a">Book</subfield>
  </datafield>
 </record>
</collection>
